Применение ЦВМ в задачах анализа и синтеза автоматических систем: учебное пособие; Ч. 1

ग्रंथसूची विवरण
निगमित लेखक: Московский энергетический институт (МЭИ)
अन्य लेखक: Чхартишвили Л. П. (редактор)
भाषा:रूसी
प्रकाशित: Москва, Изд-во МЭИ, 1973
विषय:
स्वरूप: पुस्तक
KOHA link:https://koha.lib.tpu.ru/cgi-bin/koha/opac-detail.pl?biblionumber=85625

MARC

LEADER 00000nam0a2200000 4500
001 85625
005 20231031101116.0
035 |a (RuTPU)RU\TPU\book\92001 
090 |a 85625 
100 |a 20051116d1973 m y0rusy50 ca 
101 0 |a rus 
102 |a RU 
105 |a a j 000zy 
200 1 |a Применение ЦВМ в задачах анализа и синтеза автоматических систем  |e учебное пособие  |h Ч. 1  |f Московский энергетический институт; под ред. Л. П. Чхартишвили 
210 |a Москва  |c Изд-во МЭИ  |d 1973 
215 |a 129 с.  |c ил. 
610 1 |a автоматические системы управления 
610 1 |a математические исследования 
610 1 |a анализ 
610 1 |a синтез 
610 1 |a ЦВМ 
610 1 |a цифровые вычислительные машины 
610 1 |a применение 
610 1 |a Наири-2 
610 1 |a подпрограммы 
610 1 |a автопрограммирование 
610 1 |a учебные пособия 
675 |a 62-5:51(075.8)  |v 3 
702 1 |a Чхартишвили  |b Л. П.  |4 340 
712 0 2 |a Московский энергетический институт (МЭИ)  |c (1930-1992)  |2 stltpush  |3 (RuTPU)RU\TPU\col\20092 
801 1 |a RU  |b 63413507  |c 20051116  |g PSBO 
801 2 |a RU  |b 63413507  |c 20141203  |g PSBO 
942 |c BK